000 00448nam a2200157Ia 4500
008 240729s9999 xx 000 0 und d
022 _a1545-1151
245 0 _aPreventing Chronic Disease
260 _aUnited States
260 _bCenters for Disease Control and Prevention
650 _a Public aspects of medicine
650 _aMedicine
856 _uhttps://doaj.org/toc/af78c4d11e114089ae3f2582b444ad42
942 _2ddc
942 _cDOAJEJ
999 _c72430
_d72430
945 _a1
_bMadushi Gamage
_c1
_dMadushi Gamage